[Event "Norwegian Open"]
[Site "Oslo NOR"]
[Date "2005.03.24"]
[Round "6"]
[White "Ferkingstad,S"]
[Black "Abusdal,I"]
[Result "1-0"]
[WhiteElo "2230"]
[BlackElo "1961"]

1.e4 e6 2.d4 d5 3.Nd2 Be7 4.Ngf3 Nf6 5.Bd3 c5 6.c3 cxd4 7.cxd4 dxe4 8.Nxe4 Nxe4
9.Bxe4 Nd7 10.O-O Nf6 11.Bc2 h6 12.Ne5 Bd7 13.Re1 Rc8 14.Qd3 a6 15.Bb3 Bc6
16.Bxe6  1-0

[Event "Open"]
[Site "Coventry ENG"]
[Date "2005.03.25"]
[Round "3"]
[White "Payne,N"]
[Black "Berry,N"]
[Result "0-1"]
[WhiteElo "2101"]
[BlackElo "2260"]

1.e4 e6 2.d4 d5 3.Nd2 Nc6 4.Ngf3 Nf6 5.e5 Nd7 6.Bd3 Nb4 7.Be2 c5 8.c3 Nc6
9.O-O Be7 10.Re1 a5 11.Nf1 cxd4 12.cxd4 a4 13.Bb5 Nb6 14.Ng3 Bd7 15.Nh5 O-O
16.Qd2 f6 17.Qf4 Qe8 18.Qg4 Qg6 19.Qxg6 hxg6 20.exf6 gxf6 21.Nf4 Kf7 22.Bd3 Rg8
23.h4 Nb4 24.Bb1 Rac8 25.Bd2 Nc2 26.Bxc2 Rxc2 27.Rec1 Rgc8 28.Bc3 Rxc1+ 29.Rxc1 a3
30.Nd2 Na4 31.Nd3 Bb5 32.Ne1 Rc6 33.Rb1 Ba6 34.Nf1 Nxc3 35.bxc3 Rxc3 36.Ne3 Bd6
37.Nd1 Rc4 38.Nf3 Rc2 39.Ra1 Bc4 40.Ne3 Rxa2 41.Rb1 Rb2  0-1

[Event "XXXXII Open"]
[Site "La Roda ESP"]
[Date "2005.03.25"]
[Round "4"]
[White "Antoli Royo,J"]
[Black "Del Rio Angelis,S"]
[Result "0-1"]
[WhiteElo "2238"]
[BlackElo "2502"]

1.e4 e6 2.d4 d5 3.Nd2 Nc6 4.c3 e5 5.exd5 Qxd5 6.Ngf3 exd4 7.Bc4 Qf5 8.Nxd4 Nxd4
9.cxd4 Bd6 10.O-O Ne7 11.Re1 O-O 12.Ne4 Be6 13.Bd3 Qd5 14.Nc3 Qa5 15.Qf3 c6
16.Bd2 Rad8 17.Ne4 Qd5 18.Rac1 Qxd4 19.Bb1 Nd5 20.Rcd1 Qxb2 21.Ng5 h6 22.Rxe6 fxe6
23.Qe4 Nf6 24.Qxe6+ Kh8 25.Bg6 Qe5 26.Qxe5 Bxe5 27.Ne6 Bc3 28.Nxf8 Rxd2 29.Rxd2 Bxd2
30.Bf7 g5 31.Ne6 Ba5 32.Kf1 Ne4 33.f3 Nc3 34.Nc5 b6 35.Nd3 Kg7 36.Bb3 b5
37.Be6 Kf6 38.Bd7 Nxa2 39.Bxc6 Nc3 40.Nc5 Ke5 41.Ne4 Nxe4 42.fxe4 b4 43.Ke2 Kd4
44.Kd2 Bc7 45.h3 Be5 46.Bd5 a5 47.h4 g4 48.h5 g3 49.Bb3 Kc5 50.Ba4 Kc4 51.Kc2 Bf6
52.Kd2 b3  0-1

[Event "Third Sat A"]
[Site "Novi Sad SCG"]
[Date "2005.03.25"]
[Round "9"]
[White "Matulovic,M"]
[Black "Werner,Di"]
[Result "1/2-1/2"]
[WhiteElo "2416"]
[BlackElo "2312"]

1.e4 e6 2.d4 d5 3.Nd2 Be7 4.Bd3 c5 5.dxc5 Nf6 6.Qe2 O-O 7.Ngf3 a5 8.O-O Na6
9.Bxa6 Rxa6 10.b3 Bxc5 11.Bb2 Qc7 12.c4 Nxe4 13.Nxe4 dxe4 14.Qxe4 f6 15.Rad1  1/2-1/2

[Event "Arcimpex Cup"]
[Site "Frydek Mistek CZE"]
[Date "2005.03.26"]
[Round "5"]
[White "Matras,A"]
[Black "Vavra,P1"]
[Result "0-1"]
[WhiteElo "2279"]
[BlackElo "2390"]

1.e4 e6 2.d4 d5 3.Nd2 Be7 4.Ngf3 Nf6 5.e5 Nfd7 6.Bd3 c5 7.c3 b6 8.O-O g5
9.Qe2 Nc6 10.Bb5 Bb7 11.dxc5 bxc5 12.Nb3 g4 13.Ne1 a6 14.Ba4 Nb6 15.Na5 Nxa4
16.Nxb7 Qc7 17.Nd6+ Bxd6 18.exd6 Qxd6 19.Qxg4 c4 20.b3 Nxc3 21.bxc4 Qe5 22.Nc2 O-O-O
23.Re1 Rhg8 24.Qf3 Nd4 25.Qd3 Nce2+ 26.Kh1 Rxg2 27.Kxg2 Rg8+ 28.Kh1 Qg7 29.Bg5 Qxg5
30.Ne3 Qf4 31.Nxd5 exd5 32.cxd5 Qg5 33.Qxa6+ Kd7 34.Qb7+ Kd6 35.Qb6+ Ke5
36.f4+ Kf5 37.Qb1+ Kxf4 38.Rf1+ Ke3  0-1

[Event "Alpress Cup"]
[Site "Frydek Mistek CZE"]
[Date "2005.03.26"]
[Round "5"]
[White "Lassan,C"]
[Black "Kalvaitis,S"]
[Result "0-1"]
[WhiteElo "2065"]
[BlackElo "2152"]

1.e4 e6 2.d4 d5 3.Nd2 Nc6 4.Ngf3 Nf6 5.e5 Nd7 6.c3 Be7 7.Bd3 O-O 8.Nf1 f6
9.exf6 Bxf6 10.Ne3 Nb6 11.Ng4 Qe8 12.Nfe5 Bxe5 13.Nxe5 Nxe5 14.dxe5 Bd7 15.Qe2 c5
16.O-O Bc6 17.Be3 Nd7 18.f4 a6 19.Rf3 c4 20.Bc2 d4 21.cxd4 Bxf3 22.Qxf3 Nb6
23.Rf1 Nd5 24.Bc1 Rd8 25.Qh3 g6 26.a3 Qf7 27.Rf3 Ne7 28.g4 Rxd4 29.f5 exf5
30.gxf5 gxf5 31.Rg3+ Kh8 32.Kh1 Ng6 33.e6 Qxe6 34.Re3 Qd5+ 35.Kg1 Nf4 36.Qg3 Rg8  0-1

[Event "Dos Hermanas Internet KO"]
[Site "ICC INT"]
[Date "2005.03.26"]
[Round "1.1"]
[White "Smeets,J"]
[Black "Shipov,S"]
[Result "1-0"]
[WhiteElo "2475"]
[BlackElo "2588"]

1.e4 e6 2.d4 d5 3.Nd2 Be7 4.Ngf3 Nf6 5.Bd3 c5 6.dxc5 dxe4 7.Nxe4 Nxe4 8.Bxe4 Qxd1+
9.Kxd1 Bxc5 10.Ke2 Nd7 11.Be3 Bxe3 12.Kxe3 Nc5 13.Rhd1 Ke7 14.c4 Nxe4 15.Kxe4 b6
16.Ke3 Bb7 17.Ne5 Rhd8 18.g3 f6 19.Nd3 Rac8 20.Rac1 e5 21.b4 Rd4 22.c5 Rcd8
23.cxb6 axb6 24.Rc7+ R8d7 25.Rxd7+ Rxd7 26.Nb2 Rxd1 27.Nxd1 Kd6 28.Nc3 f5
29.f4 h6 30.h4 Bc6 31.a4 e4 32.Kd4 g6 33.a5 bxa5 34.bxa5 Bb7 35.Na4 Kc6 36.Nc3 h5
37.Nd5 Kb5 38.Ne7 Kxa5 39.Nxg6 Bc8 40.Ne7 Bd7 41.Nd5 Be6 42.Ne3 Bd7 43.Kc5 Bc8
44.Kd6 Kb4 45.g4 fxg4 46.f5 Bxf5 47.Nxf5 Kc4 48.Ke5 Kd3 49.Kf4 e3 50.Nxe3 g3
51.Ng2  1-0

[Event "Dos Hermanas Internet KO"]
[Site "ICC INT"]
[Date "2005.03.26"]
[Round "1.3"]
[White "Smeets,J"]
[Black "Shipov,S"]
[Result "1/2-1/2"]
[WhiteElo "2475"]
[BlackElo "2588"]

1.e4 e6 2.d4 d5 3.Nd2 Be7 4.c3 c5 5.dxc5 Bxc5 6.exd5 exd5 7.Ngf3 Nf6 8.Nb3 Bb6
9.Be2 O-O 10.O-O Nc6 11.Bg5 Re8 12.Bh4 h6 13.Re1 g5 14.Bg3 Ne4 15.Nfd4 Qf6
16.Bf3 Bd7 17.Nxc6 Bxc6 18.Nd4 Rad8 19.Qd3 Qg6 20.Rad1 h5 21.h4 Nxg3 22.Qxg6+ fxg6
23.fxg3 g4 24.Be2 Re3 25.Kf2 Rde8 26.Bd3 Rxe1 27.Rxe1 Rxe1 28.Kxe1 Be8 29.Ke2 Kg7
30.Ke3 Kf6 31.a3 Ke5 32.Be2 a6 33.Bd3 Bd8 34.Ke2 g5 35.hxg5 Bxg5 36.Nb3 Ba4
37.Nc5 Bc6 38.Bg6 h4 39.gxh4 Bxh4 40.Nd3+ Kf6 41.Bh7 d4 42.cxd4 Bxg2 43.Nf4 Bc6
44.d5 Bd7 45.Ke3 Ke5 46.Ng6+ Kxd5 47.Nxh4 g3 48.Be4+ Kc4 49.Bxb7 Kb3 50.Bxa6 Kxb2
51.Kf3 Kxa3 52.Kxg3  1/2-1/2

[Event "Arcimpex Cup"]
[Site "Frydek Mistek CZE"]
[Date "2005.03.28"]
[Round "9"]
[White "Matras,A"]
[Black "Smolen,J"]
[Result "0-1"]
[WhiteElo "2279"]
[BlackElo "2356"]

1.e4 e6 2.d4 d5 3.Nd2 Nc6 4.Ngf3 Nf6 5.Bd3 Nb4 6.Qe2 Nxd3+ 7.Qxd3 dxe4 8.Nxe4 Be7
9.Bd2 Nxe4 10.Qxe4 Qd5 11.Qxd5 exd5 12.O-O f6 13.Rfe1 Kf7 14.Bf4 Bf5 15.c3 c6
16.Nd2 g5 17.Bg3 h5 18.h4 gxh4 19.Bxh4 Bd6 20.Re3 Rae8 21.Rf3 Kg6 22.Nf1 Re6
23.Bg3 Bf8 24.Re3 Bh6 25.Rxe6 Bxe6 26.Re1 Re8 27.Bd6 Kf7 28.Ng3 Kg6 29.Nf1 a5
30.a4 b5 31.axb5 cxb5 32.Bc7 a4 33.Bd6 Kf7 34.Ng3 h4 35.Nf1 Rd8 36.Bc5 Rg8
37.Bd6 Rd8 38.Bc5 Bf4 39.Ne3 Re8 40.Kf1 Bb8 41.Ke2 f5 42.Kf1 f4 43.Nd1 f3
44.Re3 fxg2+ 45.Kxg2 Bg4  0-1

[Event "ch-RUS w 1st League"]
[Site "Samara RUS"]
[Date "2005.03.28"]
[Round "6"]
[White "Pogonina,N"]
[Black "Gunina,V"]
[Result "1/2-1/2"]
[WhiteElo "2362"]
[BlackElo "2342"]

1.e4 e6 2.d4 d5 3.Nd2 Be7 4.Bd3 Nc6 5.Ngf3 Nb4 6.Be2 dxe4 7.Nxe4 Nf6 8.Nxf6+ Bxf6
9.O-O O-O 10.c3 Nd5 11.c4 Ne7 12.Bd3 b6 13.Be4 Rb8 14.Bg5 Nf5 15.Bxf6 Qxf6
16.Qc2 Bb7 17.Bxb7 Rxb7 18.Qe4 Rbb8 19.Ne5 Rbd8 20.Rad1 Rd6 21.Nc6 Nxd4 22.Nxd4 Rfd8
23.Nxe6 Rxd1 24.Nxd8 Qxd8 25.Re1 g6 26.g3 Rd2 27.Re2 Rd4 28.Qc6 Kg7 29.Kg2 Rd6
30.Qb7 Rd1 31.Qe4 Qd6 32.b3 a5 33.Qf3 a4 34.Re7 Qxe7 35.Qxd1 Qe5 36.Qc1 Qc5
37.Qc3+ Kg8 38.b4 Qc6+ 39.Kg1 Qe4 40.a3 c5 41.bxc5 bxc5 42.h4 Qb1+ 43.Kg2 Qb3
44.Qc1 h5 45.Kg1 Qf3 46.Qb2 Kh7 47.Qc1 Qe4 48.Qc3 Qb1+ 49.Kg2 Qb3 50.Qc1 Kg7
51.Kg1 Qf3 52.Qc2 Qf6 53.Qc1 Qd4 54.Kg2 Kf6 55.Qc2 Ke5 56.f4+ Kf6 57.Kf3 Ke6
58.Qe2+ Kf6 59.Qc2 Ke6 60.Qe2+ Kf5 61.Qc2+ Kf6 62.Kg2 Qe3 63.Qxa4 Qe2+ 64.Kh3 Qf1+
65.Kh2 Qe2+ 66.Kh3 Kg7 67.Qb3 Qf1+ 68.Kh2 Qf2+ 69.Kh1 Kf6 70.Qd3 Kg7 71.a4 Kh7
72.Qb3 Qf1+  1/2-1/2

[Event "ch-FRA Top 16 GpA"]
[Site "Noyon FRA"]
[Date "2005.04.01"]
[Round "5"]
[White "Sarthou,G"]
[Black "Bricard,E"]
[Result "0-1"]
[WhiteElo "2398"]
[BlackElo "2434"]

1.e4 e6 2.d4 d5 3.Nd2 Be7 4.Bd3 c5 5.dxc5 Bxc5 6.Ngf3 Nf6 7.Qe2 Nc6 8.O-O Qc7
9.b3 Nd4 10.Nxd4 Bxd4 11.Rb1 O-O 12.Nf3 dxe4 13.Bxe4 Bc3 14.Bd3 b6 15.Ng5 Bb7
16.Ne4 Nxe4 17.Bxe4 Bxe4 18.Qxe4 Rfd8 19.Bg5 Rd5 20.Rbd1 Qc6 21.Rxd5 exd5
22.Qd3 Rc8 23.Rd1 d4 24.a4 Bb2 25.Rd2 Bc1 26.Qxd4 Bxd2 27.Bxd2 Qxc2 28.h3 Qd1+
29.Kh2 Qxb3 30.Bf4 Qc4 31.Qe5 Qxa4  0-1

[Event "3rd ch-GER Internet Blitz Candidates"]
[Site "playchess INT"]
[Date "2005.04.02"]
[Round "2"]
[White "Schmidt,Ha"]
[Black "Phildius,B"]
[Result "1/2-1/2"]
[WhiteElo "2368"]
[BlackElo "2312"]

1.e4 e6 2.d4 d5 3.Nd2 Nc6 4.c3 Nf6 5.e5 Ng8 6.f4 Nge7 7.Bd3 Qd7 8.Qe2 b6
9.b4 Bb7 10.Ngf3 a5 11.b5 Na7 12.O-O h6 13.Nh4 g6 14.a4 O-O-O 15.Ba3 Kb8
16.Nhf3 Nac8 17.Rac1 Rg8 18.Nb3 Nf5 19.Bxf8 Rdxf8 20.c4 dxc4 21.Rxc4 Nce7
22.Rfc1 Nd5 23.Qd2 g5 24.fxg5 hxg5 25.Be4 g4 26.Ne1 Nfe3 27.Bxd5 Nxd5 28.Nd3 Qe7
29.Nxa5 bxa5 30.Qxa5 Qa3 31.Nc5 Qe3+ 32.Kh1 Nb6 33.Nd7+ Nxd7 34.Qxc7+  1/2-1/2

[Event "ch-FRA Top 16 GpA"]
[Site "Noyon FRA"]
[Date "2005.04.03"]
[Round "7"]
[White "Nezar,M"]
[Black "Bricard,E"]
[Result "0-1"]
[WhiteElo "2375"]
[BlackElo "2434"]

1.e4 e6 2.d4 d5 3.Nd2 Be7 4.Ngf3 Nf6 5.Bd3 c5 6.dxc5 dxe4 7.Nxe4 Nxe4 8.Bxe4 Qxd1+
9.Kxd1 Bxc5 10.Ke2 Nd7 11.c4 Nf6 12.Bc2 b6 13.Be3 Bb7 14.Rhd1 Bxe3 15.Kxe3 Ng4+
16.Kf4 Bxf3 17.gxf3 Nf6 18.b4 Ke7 19.Bb3 Rhc8 20.Ke3 Rc7 21.Rg1 Ne8 22.Rac1 Rac8
23.Kd3 Kf6 24.Rg4 Nd6 25.Rf4+ Ke7 26.Rh4 h6 27.Rg4 g6 28.Rd4 h5 29.f4 a5
30.a3 Nb5 31.Re4 Rd8+ 32.Ke3 Nd6 33.Re5 Nf5+ 34.Rxf5 gxf5 35.bxa5 bxa5 36.Ba4 Rg8
37.h3 Rb8 38.c5 Rb2 39.c6 Ra2 40.Rc3 h4 41.Bb5 Rb2 42.a4 Rb4 43.Rd3 Re4+
44.Kf3 Re1 45.Rc3 Rd1 46.Ke2 Rd5 47.Kf3 Kd6 48.Rc1 Rc5 49.Rd1+ Ke7 50.Rb1 Rc3+
51.Kg2 Kd6 52.Rd1+ Ke7 53.Rb1 f6 54.Rb2 e5 55.fxe5 fxe5 56.Rd2 f4 57.f3 Ke6
58.Rd8 Rg7+ 59.Kh2 Rc2+ 60.Kh1 Rg3 61.Re8+ Kf6 62.Rf8+ Ke7 63.Rf5 Rxh3+ 64.Kg1 Rg3+
65.Kh1 Ke6  0-1

[Event "FSGM April"]
[Site "Budapest HUN"]
[Date "2005.04.05"]
[Round "4"]
[White "Wittmann,W"]
[Black "Karatorossian,D"]
[Result "1/2-1/2"]
[WhiteElo "2386"]
[BlackElo "2384"]

1.e4 e6 2.d4 d5 3.Nd2 Be7 4.c3 c5 5.dxc5 Bxc5 6.Nb3 Bb6 7.exd5 exd5 8.Qe2+ Qe7
9.Nf3 Nc6 10.Nfd4 Bg4 11.f3 Nxd4 12.Nxd4 Bxd4 13.Qxe7+ Nxe7 14.fxg4 Bb6 15.Bb5+ Nc6
16.Bf4  1/2-1/2

[Event "It C"]
[Site "Dos Hermanas ESP"]
[Date "2005.04.06"]
[Round "6"]
[White "Garrido Dominguez,J"]
[Black "Barrero Garcia,C"]
[Result "1/2-1/2"]
[WhiteElo "2315"]
[BlackElo "2337"]

1.e4 e6 2.d4 d5 3.Nd2 Nc6 4.Ngf3 Nf6 5.e5 Nd7 6.c3 f6 7.exf6 Qxf6 8.Bd3 e5
9.dxe5 Ndxe5 10.Qe2 Be7 11.Nxe5 Nxe5 12.Nf3 Nxf3+ 13.gxf3 O-O 14.Rg1 Bc5
15.Rg3 Bf5 16.Be3 d4 17.cxd4 Bb4+ 18.Kf1 Bd6 19.Bc4+ Kh8 20.f4 Qh6 21.Qf3 Rae8
22.Re1 Qxh2 23.Be2 Re6 24.Qg2 Qxg2+ 25.Kxg2 Be4+ 26.Kg1 Bd5 27.Bg4 Ref6 28.Bf3 Bxf3
29.Rxf3 h6 30.Bd2 Bxf4 31.Bxf4 Rxf4 32.Rxf4 Rxf4 33.Re7 Rxd4 34.Rxc7 Rb4
35.b3 Kh7 36.Kg2 Kg6 37.Kg3 Kf6 38.Rd7 g5 39.Rd6+ Kg7 40.Re6 Rb6 41.Re7+ Kf6
42.Re8 Kf5 43.Kf3 h5 44.Rh8 h4 45.Rh7 a5 46.Rf7+ Kg6 47.Rd7 Rf6+ 48.Kg2 b6
49.Rd4 Kf5 50.b4 axb4 51.Rxb4 Rg6 52.Rb5+ Ke4 53.Rb4+ Kf5  1/2-1/2

[Event "7th Open"]
[Site "Dubai UAE"]
[Date "2005.04.06"]
[Round "3"]
[White "Mehdi,S"]
[Black "Ravi,L"]
[Result "0-1"]
[WhiteElo "2233"]
[BlackElo "2416"]

1.e4 e6 2.d4 d5 3.Nd2 a6 4.Ngf3 c5 5.exd5 exd5 6.dxc5 Bxc5 7.Nb3 Bb6 8.Bd3 Nf6
9.O-O O-O 10.h3 Nc6 11.c3 Qc7 12.Nbd4 Bxd4 13.Nxd4 Nxd4 14.cxd4 Re8 15.Re1 Rxe1+
16.Qxe1 h6 17.Bd2 Bd7 18.Ba5 Qf4 19.Qd2 Qh4 20.Bc7 Rc8 21.Bg3 Ne4 22.Bxh4 Nxd2
23.Bg3 Nc4 24.Rb1 f5 25.b3 Nd2 26.Rd1 Ne4 27.Bxe4 dxe4 28.Rd2 g5 29.Be5 Kf7
30.d5 Bb5 31.a4 Bd3 32.f3 Rc1+ 33.Kh2 Rc5 34.fxe4 fxe4 35.Rf2+ Ke8 36.Bg7 Rxd5
37.Bxh6 e3 38.Rf3 e2 39.Re3+ Kf7 40.Kg3 Rf5 41.Bxg5 Rxg5+ 42.Kf2 Rf5+ 43.Rf3 Rxf3+
44.gxf3 a5 45.f4 Bc2  0-1

[Event "7th UI&UL GM"]
[Site "Dhaka BAN"]
[Date "2005.04.10"]
[Round "7"]
[White "Iuldachev,S"]
[Black "Reefat,S"]
[Result "1/2-1/2"]
[WhiteElo "2537"]
[BlackElo "2473"]

1.e4 e6 2.d4 d5 3.Nd2 Be7 4.Ngf3 Nf6 5.Bd3 c5 6.e5 Nfd7 7.c3 Nc6 8.O-O g5
9.dxc5 Nxc5 10.Bb5 a6 11.Bxc6+ bxc6 12.Nd4 Qc7 13.c4 a5 14.Qh5 Ba6 15.N2b3 O-O-O
16.Bxg5 Nxb3 17.axb3 Bxg5 18.Qxg5 dxc4 19.Qf6 Rhg8 20.Rfd1 Rg6 21.Qf3 Bb7
22.Qe3 Qe7 23.Rxa5  1/2-1/2

[Event "4NCL"]
[Site "Nottingham ENG"]
[Date "2005.04.10"]
[Round "8"]
[White "Emms,J"]
[Black "Walton,A"]
[Result "1-0"]
[WhiteElo "2505"]
[BlackElo "2181"]

1.e4 e6 2.d4 d5 3.Nd2 Be7 4.Bd3 c5 5.dxc5 Nd7 6.exd5 exd5 7.Nb3 Nxc5 8.Be3 Nxd3+
9.Qxd3 Nf6 10.Ne2 O-O 11.O-O Qc7 12.Ng3 Qc4 13.Rad1 Bd7 14.Rfe1 Rfe8 15.h3 Rac8
16.c3 Ba4 17.Qc2 Bc5 18.Bxc5 Rxe1+ 19.Rxe1 Rxc5 20.Nh5 d4 21.Nxf6+ gxf6 22.Qd2 Bxb3
23.axb3 Qxb3 24.Qxd4 Qb6 25.h4 Re5 26.Qg4+ Kf8 27.Qc8+ Kg7 28.Qg4+ Kf8 29.Qc8+ Kg7
30.Rxe5 fxe5 31.Qg4+ Qg6 32.Qb4 Qc2 33.Qg4+ Qg6 34.Qb4 Qc2 35.g3 Qd1+ 36.Kg2 Qd5+
37.Kg1 Qd1+ 38.Kg2 Qd5+ 39.f3 Qd2+ 40.Kh3 Qd3 41.Qe4 Qd7+ 42.g4 Qb5 43.g5 Qd7+
44.Kg3 Qd6 45.Kg4 b6 46.Qf5 a5 47.h5 h6 48.gxh6+ Qxh6 49.Qxe5+ Qf6 50.h6+ Kg6
51.Qxf6+ Kxf6 52.Kh5  1-0

[Event "FSGM April"]
[Site "Budapest HUN"]
[Date "2005.04.12"]
[Round "11"]
[White "Wittmann,W"]
[Black "Farago,I"]
[Result "0-1"]
[WhiteElo "2386"]
[BlackElo "2461"]

1.e4 e6 2.d4 d5 3.Nd2 Be7 4.Bd3 c5 5.dxc5 Nf6 6.Qe2 Nc6 7.Ngf3 a5 8.O-O O-O
9.e5 Nd7 10.Nb3 a4 11.Nbd4 Ndxe5 12.Nxe5 Nxd4 13.Qh5 f5 14.Be3 Nc6 15.Nxc6 bxc6
16.g4 g6 17.Qh6 e5 18.gxf5 Bxf5 19.f4 e4 20.Bd4 Bf6 21.Bxf6 Qxf6 22.Be2 Qxb2
23.Rab1 Qd4+ 24.Kh1 Ra7  0-1

[Event "TCh-HUN w"]
[Site "Budapest HUN"]
[Date "2005.04.19"]
[Round "1"]
[White "Gara,T"]
[Black "Erdos,B"]
[Result "1-0"]
[WhiteElo "2296"]
[BlackElo "1992"]

1.e4 e6 2.d4 d5 3.Nd2 Be7 4.Bd3 c5 5.dxc5 Nf6 6.Qe2 Bxc5 7.Ngf3 O-O 8.e5 Nfd7
9.Nb3 Be7 10.c3 Nc6 11.h4 f6 12.exf6 Nxf6 13.Bf4 Bd6 14.Bxd6 Qxd6 15.Nbd4 e5
16.Nxc6 bxc6 17.Nxe5 Re8 18.f4 Bg4 19.Qf2 Nd7 20.O-O Nxe5 21.fxe5 Qe7 22.Rae1 Rf8
23.Qg3 Qe6 24.Rf4 Rxf4 25.Qxf4 Rf8 26.Bxh7+  1-0

[Event "TCh-HUN w"]
[Site "Budapest HUN"]
[Date "2005.04.19"]
[Round "1"]
[White "Dudas,E"]
[Black "Toth,Li"]
[Result "0-1"]
[WhiteElo "2002"]
[BlackElo "2164"]

1.e4 e6 2.d4 d5 3.Nd2 Be7 4.Ngf3 Nf6 5.e5 Nfd7 6.Bd3 c5 7.c3 Nc6 8.O-O g5
9.Bb5 cxd4 10.cxd4 g4 11.Ne1 Nxd4 12.Bxd7+ Bxd7 13.Qxg4 Nf5 14.Nef3 h5 15.Qf4 Rg8
16.h3 Rc8 17.b3 Bf8 18.Re1 Bh6 19.Qh2 Bc6 20.Kh1 Qb6 21.Qg1 Qb4 22.Nf1 d4
23.N1h2 Be3 24.Bxe3 dxe3 25.Rxe3 Nxe3 26.fxe3 Rd8 27.h4 Rd2 28.a3 Qc3 29.g3 Rxg3  0-1

[Event "Torch Real Estate Cup"]
[Site "Jinan CHN"]
[Date "2005.04.21"]
[Round "2"]
[White "Wang Yu"]
[Black "Pan Qian"]
[Result "0-1"]
[WhiteElo "2109"]
[BlackElo "2196"]

1.e4 e6 2.d4 d5 3.Nd2 Be7 4.c3 dxe4 5.Nxe4 Nf6 6.Nxf6+ Bxf6 7.Nf3 Nd7 8.Bf4 O-O
9.Bd3 c5 10.Bd6 Be7 11.dxc5 Nxc5 12.Bxc5 Bxc5 13.O-O Qf6 14.Qe2 Bd6 15.Rfe1 g6
16.Rad1 Bc7 17.Bc2 a5 18.Qc4 Bb8 19.a3 Ra6 20.Ba4 Rb6 21.b4 axb4 22.axb4 e5
23.Qc5 Bg4 24.Rd3 e4 25.Rxe4 Bf5 26.Rde3 Bxe4 27.Rxe4 Bd6 28.Qe3 Ra6 29.b5 Raa8
30.g3 Rfc8 31.Bb3 Rxc3 32.Re8+ Kg7 33.Qe4 Rxe8 34.Qxe8 Qxf3  0-1

[Event "ch-UKR w u20"]
[Site "Kharkiv UKR"]
[Date "2005.04.21"]
[Round "3"]
[White "Gorbatenko,K"]
[Black "Maiko,A"]
[Result "1-0"]
[WhiteElo "2040"]
[BlackElo "2075"]

1.e4 e6 2.d4 d5 3.Nd2 Nc6 4.Ngf3 Nf6 5.e5 Nd7 6.c4 f6 7.cxd5 exd5 8.Bb5 a6
9.Bxc6 bxc6 10.Qa4 Bb7 11.O-O fxe5 12.Nxe5 Nxe5 13.dxe5 Bc5 14.Nb3 Bb6 15.Be3 O-O
16.Bc5 Rf5 17.Rae1 Qe8 18.Qd4 Rg5 19.f4 Rg4 20.Qf2 Rd8 21.h3 Rg6 22.f5 Rh6
23.f6 Qf7 24.Bxb6 cxb6 25.e6 Qxf6 26.Qxb6 Qe7 27.Rf7 Qg5 28.Qxb7 Qg3 29.Rff1 Rf6
30.Qb6 Rb8 31.e7 Kf7 32.Rxf6+ gxf6 33.Qe3 Qxe3+ 34.Rxe3 Re8 35.Kf2 Rxe7 36.Rxe7+ Kxe7
37.Ke3  1-0

[Event "Torch Real Estate Cup"]
[Site "Jinan CHN"]
[Date "2005.04.24"]
[Round "5"]
[White "Chen Jing"]
[Black "Gong Qianyun"]
[Result "0-1"]
[WhiteElo "2195"]
[BlackElo "2350"]

1.e4 e6 2.d4 d5 3.Nd2 Be7 4.Ngf3 Nf6 5.e5 Nfd7 6.Bd3 c5 7.c3 Nc6 8.O-O g5
9.dxc5 g4 10.Nd4 Ndxe5 11.Bb5 Bxc5 12.f4 Ng6 13.Nb3 Bb6 14.Kh1 Bd7 15.Qxg4 a6
16.Bd3 e5 17.Nf5 e4 18.Bc2 Qf6 19.Qe2 Bxf5 20.c4 dxc4 21.Qxc4 O-O 22.Bd2 Rac8
23.Bxe4 Nd4 24.Qd3 Bxe4 25.Qxe4 Nxb3 26.axb3 Qxb2 27.Bb4 Rfe8 28.Ba3 Qg7
29.Qf3 Rc3 30.Qh5 Rce3 31.f5 Qxa1  0-1

[Event "Masters Open"]
[Site "Cutro ITA"]
[Date "2005.04.25"]
[Round "3"]
[White "Kasparov,S"]
[Black "Bukal,V jr"]
[Result "1-0"]
[WhiteElo "2461"]
[BlackElo "2405"]

1.e4 e6 2.d4 d5 3.Nd2 Be7 4.Bd3 c5 5.dxc5 Nf6 6.Ngf3 dxe4 7.Nxe4 Nxe4 8.Bxe4 Qxd1+
9.Kxd1 Bxc5 10.Ke2 Nd7 11.Bd2 Bd6 12.c4 Nf6 13.Bc2 b6 14.Rhd1 Ba6 15.b3 Ke7
16.a4 Rac8 17.Nd4 Nd7 18.Nb5 Bb8 19.h4 h5 20.Bg5+ f6 21.Be3 Rhd8 22.Rd2 Bb7
23.Rad1 Ne5 24.f3 Rxd2+ 25.Rxd2 Nd7 26.Rd1 Nc5 27.Rb1 a5 28.Nd4 Nd7 29.Rd1 Rg8
30.Bg6 Ne5 31.Bc2 g5 32.hxg5 fxg5 33.Rh1 h4 34.Bh7 Rg7 35.Be4 Bxe4 36.fxe4 Bd6
37.Nf3 Nxf3 38.Kxf3 Bc5 39.Bc1 Bd4 40.Kg4 Kf6 41.Rd1 Bc3 42.Rd3 Ba1 43.Rd6 Ke5
44.Rxb6 Bd4 45.Ra6 Rb7 46.Rxa5+ Kxe4 47.Rb5 Rf7 48.Bxg5 Rf2 49.Kh3 e5 50.Bxh4 Rf1
51.Rb7 Kd3 52.a5 e4 53.a6 e3 54.Kg4 Rh1 55.Bg3 Ra1 56.Rd7 Ke4 57.Rd6 e2 58.Re6+ Kd3
59.b4 Rg1 60.c5 Rxg2 61.a7 Rxg3+ 62.Kxg3 Be3 63.a8=Q e1=Q+ 64.Kh3 Qf1+ 65.Qg2 Qf5+
66.Qg4 Qf1+ 67.Kh4 Qe1+ 68.Kh5 Qh1+ 69.Kg6 Qh6+ 70.Kf7 Qh7+ 71.Ke8  1-0

[Event "62nd ch-POL"]
[Site "Poznan POL"]
[Date "2005.04.25"]
[Round "5"]
[White "Czarnota,P"]
[Black "Socko,B"]
[Result "1/2-1/2"]
[WhiteElo "2478"]
[BlackElo "2583"]

1.e4 e6 2.d4 d5 3.Nd2 Be7 4.Ngf3 Nf6 5.e5 Nfd7 6.Bd3 c5 7.O-O cxd4 8.Nb3 Nc6
9.Re1 Qb6 10.a4 a6 11.a5 Qc7 12.Nbxd4 Nxd4 13.Nxd4 Nxe5 14.Bf4 Bd6 15.Qh5 Nf3+  1/2-1/2

[Event "TCh-RUS w"]
[Site "Sochi RUS"]
[Date "2005.04.27"]
[Round "9"]
[White "Mkrtchian,L"]
[Black "Grabuzova,T"]
[Result "1/2-1/2"]
[WhiteElo "2400"]
[BlackElo "2327"]

1.e4 e6 2.d4 d5 3.Nd2 a6 4.Ngf3 c5 5.exd5 exd5 6.Be2 Nf6 7.O-O Be7 8.dxc5 Bxc5
9.Nb3 Bb6 10.c3 O-O 11.Nfd4 Qd6 12.Be3 Bc7 13.g3 Bh3 14.Re1 Nc6 15.Nxc6 Qxc6
16.Bf3 Bb6 17.Bxb6 Qxb6 18.Qd4 Qxd4 19.Nxd4 Rfe8 20.Nc2 Bf5 21.Ne3 Be4 22.Be2 Re6
23.Rad1 Rae8 24.Rd2 g5 25.Bd1 h5 26.Ng2 Kg7 27.h4 Bxg2 28.Rxe6 fxe6 29.Kxg2 gxh4
30.gxh4 e5 31.Bb3 Rd8 32.Re2 Re8 33.Rd2 Rd8 34.Re2 Re8  1/2-1/2

[Event "TCh-RUS w"]
[Site "Sochi RUS"]
[Date "2005.04.29"]
[Round "11"]
[White "Kovalevskaya,E"]
[Black "Guseva,M"]
[Result "0-1"]
[WhiteElo "2469"]
[BlackElo "2264"]

1.e4 e6 2.d4 d5 3.Nd2 Nc6 4.Ngf3 Nf6 5.e5 Nd7 6.Be2 b6 7.Nf1 f6 8.exf6 Qxf6
9.Ne3 Bb7 10.Ng4 Qg6 11.Ng5 O-O-O 12.O-O h5 13.Bd3 Qe8 14.Ne3 Nxd4 15.c3 Nc6
16.Re1 g6 17.Nc2 e5 18.Bb5 Ndb8 19.Qf3 e4 20.Qh3+ Rd7 21.c4 a6 22.Ba4 dxc4
23.Nxe4 b5 24.Nf6 Qf7 25.Bg5 Bg7 26.Nxd7 Nxd7 27.Ne3 bxa4 28.Rac1 c3 29.bxc3 Kb8
30.c4 Nde5 31.Nd5 Nd4 32.f4 Nxc4 33.Ne7 Nb6 34.Qd3 Qxa2 35.Qf1 Re8 36.Nxg6 Re2
37.Nh4 Nc4 38.f5 Ne5 39.f6 Bf8 40.Ra1 Ndf3+ 41.Nxf3 Nxf3+ 42.Kh1 Rxe1 43.Qxe1 Qxg2+
44.Kxg2 Nxe1+ 45.Kg3 Nf3 46.h4 Bc6 47.Rd1 Kc8 48.f7 Nxg5 49.hxg5 a3 50.Rd2 Bb5
51.g6 Bc4 52.Kh4 a2 53.Rd1 Bd3 54.Re1 Bg7  0-1

[Event "Open A"]
[Site "Djakovo CRO"]
[Date "2005.05.01"]
[Round "1"]
[White "Rogic,D"]
[Black "Fucak,E"]
[Result "0-1"]
[WhiteElo "2499"]
[BlackElo "2309"]

1.e4 e6 2.d4 d5 3.Nd2 Be7 4.c3 b6 5.Bd3 a5 6.Ne2 Ba6 7.Bc2 dxe4 8.Nxe4 Nf6
9.O-O O-O 10.Re1 c5 11.Bf4 Bb7 12.Nxf6+ Bxf6 13.dxc5 bxc5 14.Bd6 Be7 15.Qd3 g6
16.Rad1 Bxd6 17.Qxd6 Qxd6 18.Rxd6 Bd5 19.b3 Ra6 20.Rxa6 Nxa6 21.Nf4 Bc6 22.Rd1 Rc8
23.f3 Kf8 24.Kf2 Ke7 25.Nd3 Bb5 26.Nb2 Nb8 27.Ke3 Nd7 28.Bd3 Bxd3 29.Kxd3 Nb6
30.Kc2 g5 31.c4 h5 32.Nd3 f6 33.Kc3 Nd7 34.a3 h4 35.Rd2 h3 36.g3 Ne5 37.Nxe5 fxe5
38.b4 Rf8 39.Rd3 g4 40.fxg4 e4 41.Rd1 Rf3+ 42.Kb2 axb4 43.axb4 Rf2+ 44.Kb3 cxb4
45.Re1 Rxh2 46.g5 e3 47.g4 e2 48.g6 Rg2 49.g7 Kf7 50.c5 Rg3+ 51.Kxb4 Rxg4+
52.Kb5 h2 53.c6 Ke7 54.Kb6 Rxg7 55.c7 Rg8 56.Kb7 Rg1 57.c8=Q h1=Q+ 58.Kb6 Rxe1
59.Qc7+ Ke8 60.Qb8+ Kf7 61.Qf4+ Kg6 62.Qg4+ Kh7  0-1

[Event "GM"]
[Site "Ostrava CZE"]
[Date "2005.05.01"]
[Round "2"]
[White "Rasik,V"]
[Black "Cernousek,L"]
[Result "0-1"]
[WhiteElo "2464"]
[BlackElo "2352"]

1.e4 e6 2.d4 d5 3.Nd2 Nc6 4.Ngf3 Nf6 5.e5 Nd7 6.Bd3 f6 7.exf6 Qxf6 8.O-O Bd6
9.c4 O-O 10.c5 Be7 11.Nb3 h6 12.Be3 e5 13.dxe5 Ndxe5 14.Nxe5 Nxe5 15.Be2 c6
16.Rc1 Qg6 17.Bh5 Qh7 18.Rc3 Bf5 19.Nd4 Bg6 20.Be2 Rae8 21.Ne6 Rf7 22.Nf4 Be4
23.Bh5 g6 24.Be2 Bf6 25.Bd4 Qh8 26.Rg3 Kh7 27.Bc3 Qf8 28.Nd3 Nxd3 29.Bxd3 Qxc5
30.Qg4 Bxd3  0-1

[Event "SME Open"]
[Site "Ostrava CZE"]
[Date "2005.05.05"]
[Round "6"]
[White "Pecha,V"]
[Black "Borovicka,B"]
[Result "0-1"]
[WhiteElo "1905"]
[BlackElo "2087"]

1.e4 e6 2.d4 d5 3.Nd2 Be7 4.Ngf3 Nf6 5.Bd3 c5 6.dxc5 O-O 7.exd5 Qxd5 8.O-O Nbd7
9.c6 Qxc6 10.Nc4 Qc7 11.Re1 Rd8 12.Be3 Nc5 13.Bxc5 Bxc5 14.Qe2 b6 15.Ng5 h6
16.Ne4 Be7 17.Nxf6+ Bxf6 18.Qe4 Bb7 19.Qg4 Rd5 20.Qe2 Ba6 21.Qf3 Rad8 22.Ne3 Bxd3
23.cxd3 Rxd3 24.Rac1 Qb8 25.Rc2 Rd2 26.Rd1 Rxc2 27.Rxd8+ Qxd8 28.Nxc2 Bxb2
29.Ne3 Qc8 30.g3 b5 31.Ng4 a6 32.Ne3 Bd4 33.Nd1 e5 34.Kg2 Qe6 35.Qa8+ Kh7
36.Qe4+ g6 37.h4 h5 38.Qb1 Qc4 39.Kg1 a5 40.Nb2 Qb4  0-1

[Event "SME Open"]
[Site "Ostrava CZE"]
[Date "2005.05.06"]
[Round "7"]
[White "Sekac,M"]
[Black "Borovicka,B"]
[Result "1/2-1/2"]
[WhiteElo "2124"]
[BlackElo "2087"]

1.e4 e6 2.d4 d5 3.Nd2 Be7 4.Bd3 c5 5.dxc5 Nf6 6.exd5 Qxd5 7.Qf3 Qxc5 8.Nb3 Qc7
9.Ne2 Nbd7 10.O-O O-O 11.Bf4 e5 12.Bg3 Nc5 13.Bf5 Bd6 14.Bxc8 Raxc8 15.Nc3 a6
16.Nxc5 Bxc5 17.Nd5 Nxd5 18.Qxd5 Rfe8 19.Rfe1  1/2-1/2